00583nam a2200181Ii 45000010005000000030009000050080041000140400033000550410008000880820022000961000031001182450101001492640058002503000012003083360026003203370028003463380027003742662CO-ViMGA241108s9999||||xx |||||||||||||| ||und|| aCO-ViMGAbspaerdacCO-ViMGA0 aspa04aFA 344.078 - C17e1 aAdalberto Carvajal Salcedo10aEducadores frente a la ley:bAnálisis crítico, histórico y jurídico del Estatuto Docente 1aBogotá, Colombia : Rodríguez Quito editores, 1985 avolumen atextbtxt2rdacontent aunmediatedbn2rdamedia avolumebnc2rdacarrier